[Event "Mecklenburg VP-ch U25"]
[Site "Malchow"]
[Date "2014.02.04"]
[Round "6"]
[White "Sbach, Johann"]
[Black "Finke, Adrian"]
[Result "0-1"]
[WhiteElo "963"]
[BlackElo "1129"]
[PlyCount "69"]
[EventDate "2014.02.01"]
[EventType "swiss"]
[EventRounds "7"]
[EventCountry "GER"]
[SourceTitle "EXT 2017"]
[Source "ChessBase"]
[SourceDate "2016.10.25"]
[SourceVersion "1"]
[SourceVersionDate "2016.10.25"]
[SourceQuality "1"]

1. e4 e5 2. Nf3 Nc6 3. Bc4 Bc5 4. d3 Nf6 5. Nc3 0-0 6. Bg5 h6 7. Bxf6 Qxf6 8. Nd5 Qd8 9. 0-0 d6 10. c3 Bg4 11. h3 Bh5 12. a4 a5 13. Qe2 Ne7 14. Nxe7+ Qxe7 15. Rfd1 Rad8 16. d4 exd4 17. cxd4 Bb4 18. d5 Qf6 19. Rd3 Rfe8 20. Bb5 Re7 21. Re1 Bxe1 22. Qxe1 Qxb2 23. Qxa5 b6 24. Qe1 f5 25. g4 fxg4 26. hxg4 Bxg4 27. Rd2 Qf6 28. Nd4 Rf8 29. Nc6 Ref7 30. e5 Qg5 31. Rd3 Rf3 32. Ne7+ Qxe7 33. Rxf3 Bxf3 34. Qe3 Qxe5 35. Qxh6 0-1

[Event "GER-chT North U16"]
[Site "Greifswald"]
[Date "2013.09.14"]
[Round "5.4"]
[White "Finke, Adrian"]
[Black "Kagel, Jan Malte"]
[Result "0-1"]
[WhiteElo "1050"]
[BlackElo "1175"]
[PlyCount "120"]
[EventDate "2013.09.12"]
[EventType "team-swiss"]
[EventRounds "7"]
[EventCountry "GER"]
[SourceTitle "EXT 2014"]
[Source "ChessBase"]
[SourceDate "2013.11.20"]
[SourceVersion "1"]
[SourceVersionDate "2013.11.20"]
[SourceQuality "1"]
[WhiteTeam "Greifswald"]
[BlackTeam "Bad Schwartau"]
[WhiteTeamCountry "GER"]
[BlackTeamCountry "GER"]

1. e4 d5 2. Nc3 dxe4 3. Nxe4 e5 4. Nf3 Nc6 5. Bb5 Bd7 6. d3 f6 7. a3 a6 8. Ba4 Bd6 9. c3 Nge7 10. d4 exd4 11. cxd4 Nf5 12. g4 Nfe7 13. h3 Ng6 14. Nxd6+ cxd6 15. d5 Nce5 16. Nd4 Qa5+ 17. b4 Qxa4 18. Qxa4 Bxa4 19. Ne6 Kf7 20. Be3 Bb3 21. Rg1 Nf3+ 22. Kf1 Nxg1 23. Kxg1 Bxd5 24. Nc7 Bc6 25. Nxa8 Rxa8 26. f4 Re8 27. Bd2 Re2 28. Bc1 Re1+ 29. Kf2 Rh1 30. f5 Ne5 31. g5 Nd3+ 32. Ke3 Rxc1 33. g6+ hxg6 34. fxg6+ Kxg6 35. Rxc1 Nxc1 36. Kd2 Nb3+ 37. Kc3 Kg5 38. Kxb3 Kh4 39. a4 Kxh3 40. Kc4 g5 41. b5 axb5+ 42. axb5 Bxb5+ 43. Kxb5 g4 44. Kb6 g3 45. Kxb7 g2 46. Kc7 g1Q 47. Kd7 Kg4 48. Ke6 f5 49. Kd5 f4 50. Ke4 Qe3+ 51. Kd5 f3 52. Kc6 f2 53. Kd5 f1R 54. Kc6 Qc5+ 55. Kd7 Kf5 56. Ke7 Ke5 57. Kd7 d5 58. Ke8 Kd6 59. Kd8 Qc7+ 60. Ke8 Qe7# 0-1